<?xml version="1.0" encoding="UTF-8"?>
<marc:record xmlns:marc="http://www.loc.gov/MARC21/slim">
   <marc:leader>00000nam a2200000 a 4500</marc:leader>
   <marc:datafield ind1=" " ind2=" " tag="653">
      <marc:subfield code="a">Kindersachbuch</marc:subfield>
   </marc:datafield>
   <marc:datafield ind1=" " ind2=" " tag="653">
      <marc:subfield code="a">ab 8</marc:subfield>
   </marc:datafield>
   <marc:datafield ind1=" " ind2=" " tag="653">
      <marc:subfield code="a">Theater</marc:subfield>
   </marc:datafield>
   <marc:datafield ind1=" " ind2=" " tag="653">
      <marc:subfield code="a">Jugendbibliothek</marc:subfield>
   </marc:datafield>
   <marc:datafield ind1=" " ind2=" " tag="653">
      <marc:subfield code="a">Kunst</marc:subfield>
   </marc:datafield>
   <marc:datafield ind1=" " ind2=" " tag="653">
      <marc:subfield code="a">Schauspiel</marc:subfield>
   </marc:datafield>
   <marc:datafield ind1=" " ind2=" " tag="653">
      <marc:subfield code="a">Meyers Jugendbibliothek</marc:subfield>
   </marc:datafield>
   <marc:datafield ind1="0" ind2="0" tag="245">
      <marc:subfield code="a">Die Theater der Welt</marc:subfield>
   </marc:datafield>
   <marc:datafield ind1="0" ind2="0" tag="245">
      <marc:subfield code="b">[über Kostüme, Kulissen, Komödianten und die grossen Bühnen der Geschichte]</marc:subfield>
   </marc:datafield>
   <marc:datafield ind1=" " ind2="1" tag="264">
      <marc:subfield code="b">Meyers Lexikonverl.</marc:subfield>
      <marc:subfield code="c">1994</marc:subfield>
   </marc:datafield>
   <marc:datafield ind1="1" ind2=" " tag="490">
      <marc:subfield code="a">Meyers Jugendbibliothek</marc:subfield>
   </marc:datafield>
   <marc:datafield ind1="1" ind2=" " tag="520">
      <marc:subfield code="a">Diese dem Thema angemessen verspielte Darstellung zur Geschichte und zu den Arbeitsgebieten des Theaters wird sogar noch Erwachsene begeistern. Die einzelnen Kapitel sind knapp, die Themensprünge gross, doch die optische Aufbereitung ist so bestechend, dass Jugendliche ab etwa 11 Jahren aus reiner Schaulust nach dem Buch greifen werden. Hinweise auf den Umgang mit den beiliegenden Aufklebern und den zu präparierenden Seiten wurden schon bei früheren Bänden der Reihe gegeben (über Feuer und Malerei: BA 8/94; über Instrumente: BA 9/94). Die Theatergeschichte wird nicht so erschöpfend behandelt wie in "Die Pfosten sind, die Bretter aufgeschlagen ..." (BA 10/85), doch mit je einem Kapitel zum antiken und asiatischen Theater, zu den Spielstätten der Shakespeare-Zeit, des Barock und der Oper ist das Angebot für die erste Beschäftigung mit dem Thema ausreichend. Zusätzlich eine Auflistung der Theatermuseen, mit Zeittafel und Register. - Grundbestand, auch für Schulbibliotheken.</marc:subfield>
   </marc:datafield>
   <marc:datafield ind1="3" ind2=" " tag="024">
      <marc:subfield code="a">3411090618</marc:subfield>
   </marc:datafield>
</marc:record>
